000 00727nam a22002057a 4500
999 _c4051
_d4051
003 AR-CdUCM
008 190307b ||||| |||| 00| 0 spa d
040 _aMUNICIPALIDAD PROVINCIAL DEL CUSCO
_cBIBLIOTECA MUNICIPAL DEL CUSCO
082 _a868.6 /
_bP43
100 _aPérez de Ayala, Ramón
_912893
245 _aApostillas y divagaciones /
260 _aMadrid :
_bEdit. Cultura Hispánica
_c1976.
300 _a206 paginas ;
_c20 cm,
500 _aSelección de José García Marcadal
505 _aContenido :Los tres daviles --Fin de temporada --De educación --Italia y Alemania --El veraneo y los viajes ...
650 _aEnsayos españoles
_9576
650 _aSiglo XX
_98
942 _2ddc
_cLIBROS
945 _arjall